| 000 | 01177nam a2200301Ia 4500 | ||
|---|---|---|---|
| 008 | 130821s2003 ck gr spa | ||
| 020 | _a9586650642 | ||
| 040 |
_aCo-BoUCM _bspa |
||
| 041 | 0 | 0 | _aspa |
| 100 | 1 | 0 |
_aTwining, William _93062 |
| 245 | 1 | 0 |
_aDerecho y globalización _cWilliam Twining; traducción Oscar Guardiola Rivera, Clara Sandoval Villalba, Diego Eduardo López Medina |
| 260 |
_aBogotá (Colombia) _bSiglo del Hombre, Instituto Pensar, Universidad de los Andes _c2003 |
||
| 300 | _a292 páginas | ||
| 490 | _aNuevo Pensamiento Jurídico. Temas. | ||
| 504 | _aIncluye índice. | ||
| 600 | 0 |
_aTwining, William _xCrítica e interpretación, etc. _9161403 |
|
| 650 | 0 | 4 |
_aAcción civil _vTeorías _98336 |
| 650 | 0 | 4 |
_aDerecho comparado _912722 |
| 650 | 0 | 4 |
_aFilosofía del derecho _915792 |
| 650 | 0 | 4 |
_aGlobalización _9216 |
| 650 | 0 | 4 |
_aMapas mentales _918951 |
| 650 | 0 | 4 |
_aTeoría del derecho _925308 |
| 700 | 1 |
_aGuardiola Rivera, Oscar. _etrad. _9161404 |
|
| 700 | 1 |
_aLópez Medina, Eduardo. _etrad. _9161405 |
|
| 700 | 1 |
_aSandoval Villaba, Clara. _etrad. _9161406 |
|
| 942 |
_cLIBRO _a8 _e1 _mT973d _2DEWEY _h340.1 |
||
| 999 |
_c43859 _d43859 |
||